Регионална библиотека "Любен Каравелов" - Русе

Дневниците на Стефан (Запис номер 132979)

MARC детайли
000 -Лидер
Контролно поле с фиксирана дължина 01729nam a2200409 a 4500
003 - Код на организацията, давaща контролен номер
Контролно поле BLK
005 - Дата и час на последна редакция
Контролно поле 20240723165245.0
008 - Елементи от данни с фиксирана дължина
fixed length control field 180409b bul|||||r ||||||| ||bul||
010 ## - Наследен системен номер
LC control number KNG00138865000
020 ## - Международен стандартен номер на книга ISBN
Международен стандартен номер на книга ISBN 978-954-9321-61-6
040 ## - Източник на каталожния запис
Идентификатор на билиотеката - собственик на записа BLK
041 ## - Код за език
Код за езика на текст/звукозапис или на отделно заглавие Български
Код за езика КДБФ Български
072 #7 - Код за тематичната категория
Код организация bullib
Код за тематична категория Н83
Текст Чужда художествена литература Н
080 ## - УДК
Текстов определител УДК Американска литература (на САЩ)
УДК код - определител по УДК 821.111(73)
УДК определител -312.9
УДК - код + определител 821.111(73)-312.9
100 1# - Редна дума - Автор
Автор Смит, Л. Дж.
Авторска отговорност първи автор
R(LIN) 266539
139 ## - Редно поле
Редна дума Смит, Л. Дж.
Авторски знак Сми - С 47
245 10 - Сведения за заглавието
Заглавие Дневниците на Стефан
Подзаглавни данни По кн. и TВ сериала Дневниците на вампира : Кн. 1 -
Редно поле (дума) Л. Дж. Смит; * Лиза Джейн Смит; прев. от англ. Диана Янакиева Кутева.
Том Кн. 1
Заглавие на том Началото
257 ## - Страна на издаване
Страна на създаване/издаване Съединени американски щати
260 ## - Област на издателските данни
Място на издаване, разпространение и проч. София
Година на издаване 2011 -
Печатница София : Симолини
300 ## - Физическа характеристика
Размери/Мащаб 20 см
380 ## - Жанр
Жанр Худож. лит.
500 ## - Общи забележки
Забележка Пълното име на авт. Лиза Джейн Смит.
653 ## - Ключова дума – ненормативна
Ключова дума вампири
653 ## - Ключова дума – ненормативна
Ключова дума хорър
653 ## - Ключова дума – ненормативна
Ключова дума романи
659 ## - Тематичен бюлетин
Тематичен бюлетин Н
700 1# - Други автори (авторска отговорност)
Лично име Смит, Лиза Джейн
Автороска отговорност (Описва отношението между автора и произведението) *
9 (RLIN) 323550
700 1# - Други автори (авторска отговорност)
Лично име Кутева, Диана Янакиева
Дати, свързани с автора 1955 -
9 (RLIN) 85939
760 1# - Описание на основната серия
Редна дума на основното описание Смит, Л. Дж.
Място на издаване, издател и година Ибис, 2011
Страници - том 228 с.
Забележка - том Ориг. загл. Stefan's Diaries: Origins / L. J. Smith.
Заглавие Кн. 1 Началото
852 ## - Местоположение
Форматна сигнатура Цб 258106
856 4# - Електронен адрес и достъп
Електронен формат pdf - файл
856 4# - Електронен адрес и достъп
Електронен формат pdf - файл
999 ## - СИСТЕМНИ КОНТРОЛНИ НОМЕРА
Koha biblionumber 132979
Koha biblioitemnumber 132979
942 ## - АРТИКУЛИ
Вид на библиотечния материал Книги
Скрит в OPAC Не
Koha issues (borrowed), all copies 19
Периодичен библиозапис Да
944 ## - СЪЗДАВАНЕ И РЕДАКЦИЯ на ЗАПИСА
Създаване/Редакция Създаване
Дата на регистрацията/редакция 04.02.2013
Статус, дата на статуса Минев Младен
Служител, извършил регистрацията/редакцията 30530
944 ## - СЪЗДАВАНЕ И РЕДАКЦИЯ на ЗАПИСА
Създаване/Редакция Редакция
Дата на регистрацията/редакция 07.04.2015
Статус, дата на статуса ф /
Служител, извършил регистрацията/редакцията Людмила_Стоянова
999 ## - СИСТЕМНИ КОНТРОЛНИ НОМЕРА
Koha biblioitemnumber 132979
Наличности
Код за отписване Код за изгубен артикул Код за повреда Коз за рестрикции Код за отдаване Артикулен № Име на библиотеката - собственик Име на библиотеката, в която се намира в момента Статус (Текущо местоположение) Дата на вписване в системата Местоположение - отдел Цена в лева Инвентарен номер Систематично азбучна сигнатура Баркод Номер на екземпляра Цена в евро Служебна бележка Служебен тип на артикула Източник на класификационната схема
  Не е изгубен Не е повреден без рестрикции ползва се в читалня 216885 Регионална библиотека "Любен Каравелов" Русе Регионална библиотека "Любен Каравелов" Русе Хранилище 2013-02-01 Хранилище 10.90 120000763445 Цб 258106 120000763445 1 5.57 Дост: Dp Вид: Д N: 42 Дата: 17.10.2011 Книги  
  Не е изгубен Не е повреден без рестрикции заемане за дома 216886 Регионална библиотека "Любен Каравелов" Русе Регионална библиотека "Любен Каравелов" Русе Заемна - подръчен фонд 2015-03-30 Заемна - подръчен фонд 10.90 120000786756 П 820(73)-31/С 47 120000786756 2 5.57 Дост: Pk Вид: Ф N: 430 Дата: 24.03.2015 Дата инв: 14.02.2018 Бележки инв: П2018 Книги  
  Не е изгубен Не е повреден без рестрикции заемане за дома 837146 Регионална библиотека "Любен Каравелов" Русе Регионална библиотека "Любен Каравелов" Русе Заемна - подръчен фонд 2021-06-16 Заемна - подръчен фонд 10.90   821-31/С 47 Л 120000856496   5.57   Книги Universal Decimal Classification
Vip Innovations Ltd, Rousse, Bulgaria 2025